Michael Vey: (Record no. 48181)
| 000 -LEADER | |
|---|---|
| fixed length control field | 00723nam a2200157 4500 |
| 020 ## - INTERNATIONAL STANDARD BOOK NUMBER | |
| International Standard Book Number | 9781442475120 |
| 100 ## - MAIN ENTRY--PERSONAL NAME | |
| Personal name | Evans, Richard Paul. |
| 245 ## - TITLE STATEMENT | |
| Title | Michael Vey: |
| Remainder of title | battle of the ampere / |
| Statement of responsibility, etc | Richard Paul Evans.New |
| 260 ## - PUBLICATION, DISTRIBUTION, ETC. (IMPRINT) | |
| Place of publication, distribution, etc | New York: |
| Name of publisher, distributor, etc | Mercury Ink; |
| Date of publication, distribution, etc | 2014. |
| 300 ## - PHYSICAL DESCRIPTION | |
| Extent | 307 p. |
| Dimensions | 23 cm. |
| 490 ## - SERIES STATEMENT | |
| Series statement | Michael Vey; |
| Volume number/sequential designation | Bk. 3 |
| 520 ## - SUMMARY, ETC. | |
| Summary, etc | "Michael must free his friends, then find a way to stop Hatch, but Hatch knows Michael and the Electroclan are coming. And he's ready for them. Can the Electroclan win the battle of the Ampere? Or has Michael's luck finally run out?"--Back cover<br/> |
| 650 ## - SUBJECT ADDED ENTRY--TOPICAL TERM | |
| Topical term or geographic name as entry element | Electricity. Friendship. Tourette syndrome. |
| Form subdivision | Fiction. |
| Geographic subdivision | Peru. |
| 9 (RLIN) | 85931 |
| 655 ## - INDEX TERM--GENRE/FORM | |
| Genre/form data or focus term | Science Fiction. |
| 942 ## - ADDED ENTRY ELEMENTS (KOHA) | |
| Source of classification or shelving scheme | |
| Koha item type | J FIC BOOKS |
| Withdrawn status | Lost status | Source of classification or shelving scheme | Damaged status | Not for loan | Collection code | Home library | Current library | Shelving location | Date acquired | Full call number | Barcode | Date last seen | Price effective from | Koha item type |
|---|---|---|---|---|---|---|---|---|---|---|---|---|---|---|
| SECONDARY | Asian Hope Secondary Library | Asian Hope Secondary Library | Junior Fiction | 01/13/2025 | J FIC EVA BK.3 | 207406 | 01/16/2026 | 01/13/2025 | J FIC BOOKS |